1409 1565 1381 1024 1696 1320 1958 1000 1818 1365 1044 1019 1244 1847 1247 1252 1731 1097 1554 1336 1111 1498 1426 1779 1751 1784 1639 1822 1886 1775 1904 1791 1845 1746 1009 1649 1740 1190 1647 1409 1113 1192 1997 1636 1683 1016 1438 1220 1694 1683 1047 1825 1479 1953 1984 1523 1554 1850 1730 1433 1897 1999 1255 1618 1184 1653 1632 1019 1492 1237 1333 1572 1477 1437 1907 1619 1319 1138 1837 1524 1056 1253 1654 1801 1245 1621 1799 1465 1614 1482 1773 1325 1720 1666 1218 1577 1366 1964 1104 BCNSPRNW ULIB Ver.6.0+V

เปลี่ยนเป็นภาษาไทย

Change to English
 แสดงรายละเอียดบรรณานุกรม
  กลับหน้าหลัก

Brief Record : Get Marc (ISO 2709) : E-mail record : QR code < ปิดหน้าต่าง
LEADER : 00000nam 2200000 a 4500
001    13399113827
003     ULIB
008    031005s2003 us a 001 0 eng d
020    ^a0071316531
060  4 ^aQS4^bS555H
100 1  ^aShier, David
245 10 ^aHole s essentials of human anatomy and physiology /^cDavid
246 30 ^aEssentials of human anatomy and physiology
250    ^a11th ed
260    ^aBoston, Mass. :^bMcGraw-Hill,^cc2009
300    ^axvi, 612 p. :^bill. ;^c28 cm
500    ^a"International Edition"
500    ^aIncludes index
650  2 ^aAnatomy
650  2 ^aPhysiology
700 1  ^aButler, Jackie,^ejt auth
700 1  ^aLewis, Ricki,^ejt auth
945    ^p1030^l0^i030903
949    ^aKesorn
999 ^a ใช้งานได้ทุกระบบ
รายการนี้ยังไม่มีแท็ก
คุณยังไม่ได้ล็อกอิน คุณสามารถมีกิจกรรมร่วมกับเว็บไซต์ได้ แต่ต้องล็อกอินก่อน ::
  ล็อกอิน

รายการสื่อสารสนเทศ

ลำดับที่ ประเภท เลขเรียก/บาร์โค้ด สถานที่ สถานะ
- ไม่พบข้อมูล -

รายการใกล้เคียง
    หัวเรื่อง [Anatomy]
    หัวเรื่อง [Physiology]

BibComment


ยังไม่เคยถูกคอมเมนท์

คอมเมนท์ทรัพยากรรายการนี้
  คอมเมนท์: Hole s essential..


 Copyright 2026. Bcnsprnw @Library